Die statistische Evaluierung der materiellen Grundbedürfnisbefriedigung als Basis grundbedürfnisorientierter Entwicklungsstrategien

Saved in:
Bibliographic Details
Main Author: Sangmeister, Hartmut (Author)
Format: Chapter/Article Conference Paper
Language:German
Published: 1985
In: Grundbedürfnisstrategien in der ländlichen Entwicklung - Anspruch und Wirklichkeit
Year: 1985, Pages: 23-37
Online Access: Get full text
Author Notes:Hartmut Sangmeister

MARC

LEADER 00000caa a2200000 c 4500
001 1758050810
003 DE-627
005 20220819210419.0
007 tu
008 210518s1985 xx ||||| 00| ||ger c
035 |a (DE-627)1758050810 
035 |a (DE-599)KXP1758050810 
035 |a (OCoLC)1341413220 
040 |a DE-627  |b ger  |c DE-627  |e rda 
041 |a ger 
084 |a 17  |2 sdnb 
100 1 |a Sangmeister, Hartmut  |d 1945-  |e VerfasserIn  |0 (DE-588)108757501  |0 (DE-627)510496334  |0 (DE-576)162857462  |4 aut 
245 1 4 |a Die statistische Evaluierung der materiellen Grundbedürfnisbefriedigung als Basis grundbedürfnisorientierter Entwicklungsstrategien  |c Hartmut Sangmeister 
264 1 |c 1985 
300 |a 15 
336 |a Text  |b txt  |2 rdacontent 
337 |a ohne Hilfsmittel zu benutzen  |b n  |2 rdamedia 
338 |a Band  |b nc  |2 rdacarrier 
773 0 8 |i Enthalten in  |t Grundbedürfnisstrategien in der ländlichen Entwicklung - Anspruch und Wirklichkeit  |d Witzenhausen : Selbstverl. d. Verbandes der Tropenlandwirte Witzenhausen, 1985  |g (1985), Seite 23-37  |h 248 S.  |w (DE-627)1083450263  |w (DE-576)013450263  |7 nnam  |a Die statistische Evaluierung der materiellen Grundbedürfnisbefriedigung als Basis grundbedürfnisorientierter Entwicklungsstrategien 
773 1 8 |g year:1985  |g pages:23-37  |g extent:15  |a Die statistische Evaluierung der materiellen Grundbedürfnisbefriedigung als Basis grundbedürfnisorientierter Entwicklungsstrategien 
951 |a AR 
992 |a 20210518 
993 |a ConferencePaper 
994 |a 1985 
998 |g 108757501  |a Sangmeister, Hartmut  |m 108757501:Sangmeister, Hartmut  |d 180000  |d 181000  |e 180000PS108757501  |e 181000PS108757501  |k 0/180000/  |k 1/180000/181000/  |p 1  |x j  |y j 
999 |a KXP-PPN1758050810  |e 3929339005 
BIB |a Y 
JSO |a {"title":[{"title_sort":"statistische Evaluierung der materiellen Grundbedürfnisbefriedigung als Basis grundbedürfnisorientierter Entwicklungsstrategien","title":"Die statistische Evaluierung der materiellen Grundbedürfnisbefriedigung als Basis grundbedürfnisorientierter Entwicklungsstrategien"}],"origin":[{"dateIssuedKey":"1985","dateIssuedDisp":"1985"}],"recId":"1758050810","physDesc":[{"extent":"15 S."}],"language":["ger"],"id":{"eki":["1758050810"]},"person":[{"family":"Sangmeister","display":"Sangmeister, Hartmut","given":"Hartmut","role":"aut"}],"relHost":[{"id":{"eki":["1083450263"]},"type":{"bibl":"edited-book"},"title":[{"subtitle":"Vorträge der 14. Witzenhäuser Hochschulwoche 12. - 14. Juni 1985","title_sort":"Grundbedürfnisstrategien in der ländlichen Entwicklung - Anspruch und Wirklichkeit","title":"Grundbedürfnisstrategien in der ländlichen Entwicklung - Anspruch und Wirklichkeit"}],"relMultPart":[{"name":{"displayForm":["Deutsches Institut für Tropische und Subtropische Landwirtschaft"]},"part":{"number_sort":["25"],"number":["25"]},"disp":"Der Tropenlandwirt","pubHistory":["1.1972 - 74.2002"],"origin":[{"publisherPlace":"Witzenhausen, Werra ; Witzenhausen, Werra","publisher":"Selbstverl. d. Verbandes d. Tropenlandwirte ; Inst.","dateIssuedDisp":"1972-2002","dateIssuedKey":"1972"}],"type":{"bibl":"serial"},"id":{"issn":["0173-4091"],"eki":["129407585"],"zdb":["187756-2"]},"language":["ger","eng"],"dispAlt":"Der Tropenlandwirt","recId":"129407585","corporate":[{"display":"Deutsches Institut für Tropische und Subtropische Landwirtschaft","role":"isb"}],"titleAlt":[{"title":"Der Tropenlandwirt <Witzenhausen> / Beiheft"},{"title":"Zeitschrift für die Landwirtschaft in den Tropen und Subtropen"}],"title":[{"title":"Der Tropenlandwirt","title_sort":"Tropenlandwirt","partname":"Beiheft","subtitle":"journal of agriculture in the tropics and subtropics"}]}],"recId":"1083450263","language":["ger"],"corporate":[{"role":"oth","display":"Gesamthochschule Kassel"},{"display":"Witzenhäuser Hochschulwoche (14, 1985, Witzenhausen)","role":"oth"}],"part":{"year":"1985","text":"(1985), Seite 23-37","extent":"15","pages":"23-37"},"person":[{"given":"Hans-Joachim","display":"Glauner, Hans-Joachim","role":"adp","family":"Glauner"}],"name":{"displayForm":["bearb. von H.-J. Glauner. Hrsg.: Gesamthochschule Kassel, Fachbereich Internationale Agrarwirtschaft in Witzenhausen"]},"origin":[{"dateIssuedDisp":"1985","publisher":"Selbstverl. d. Verbandes der Tropenlandwirte Witzenhausen","publisherPlace":"Witzenhausen","dateIssuedKey":"1985"}],"disp":"Die statistische Evaluierung der materiellen Grundbedürfnisbefriedigung als Basis grundbedürfnisorientierter EntwicklungsstrategienGrundbedürfnisstrategien in der ländlichen Entwicklung - Anspruch und Wirklichkeit","physDesc":[{"extent":"248 S.","noteIll":"Ill., graph. Darst., Kt."}]}],"name":{"displayForm":["Hartmut Sangmeister"]},"type":{"bibl":"chapter"}} 
SRT |a SANGMEISTESTATISTISC1985